<?xml version="1.0" encoding="UTF-8"?><?xml-stylesheet type="text/xsl" href="static/style.xsl"?><OAI-PMH xmlns="http://www.openarchives.org/OAI/2.0/" xmlns:xsi="http://www.w3.org/2001/XMLSchema-instance" xsi:schemaLocation="http://www.openarchives.org/OAI/2.0/ http://www.openarchives.org/OAI/2.0/OAI-PMH.xsd"><responseDate>2026-04-13T03:14:24Z</responseDate><request verb="GetRecord" identifier="oai:www.recercat.cat:10459.1/23808" metadataPrefix="marc">https://recercat.cat/oai/request</request><GetRecord><record><header><identifier>oai:recercat.cat:10459.1/23808</identifier><datestamp>2024-12-05T22:09:39Z</datestamp><setSpec>com_2072_3622</setSpec><setSpec>col_2072_479130</setSpec></header><metadata><record xmlns="http://www.loc.gov/MARC21/slim" xmlns:dcterms="http://purl.org/dc/terms/" xmlns:xsi="http://www.w3.org/2001/XMLSchema-instance" xmlns:doc="http://www.lyncode.com/xoai" xsi:schemaLocation="http://www.loc.gov/MARC21/slim http://www.loc.gov/standards/marcxml/schema/MARC21slim.xsd">
   <leader>00925njm 22002777a 4500</leader>
   <datafield ind2=" " ind1=" " tag="042">
      <subfield code="a">dc</subfield>
   </datafield>
   <datafield ind2=" " ind1=" " tag="720">
      <subfield code="a">Giné Janer, Marta</subfield>
      <subfield code="e">author</subfield>
   </datafield>
   <datafield ind2=" " ind1=" " tag="260">
      <subfield code="c">2010-11-03T11:19:00Z</subfield>
   </datafield>
   <datafield ind2=" " ind1=" " tag="260">
      <subfield code="c">2010-11-03T11:19:00Z</subfield>
   </datafield>
   <datafield ind2=" " ind1=" " tag="260">
      <subfield code="c">2009</subfield>
   </datafield>
   <datafield ind2=" " ind1=" " tag="520">
      <subfield code="a">Es sabido que el siglo XIX ha constituido, para Y. Bonnefoy, un mástil fundamental: especialmente los poetas Nerval, Baudelaire, Rimbaud y Mallarmé, a quienes a dedicados numerosos artículos y libros.&#xd;
El objetivo de este artículo es analizar un estudio publicado por Bonnefoy, en 2001 (es decir cuando tiene ya casi ochenta años, al final de una vida plena) y que constituye una síntesis de su reflexión sobre la poesía del siglo XIX. Allí propone o bien una rectificación o bien una reafirmación de lo que, para el poeta de Tours, es lo “esencial” del siglo XIX. Seguidamente&#xd;
se intentará investigarlo.</subfield>
   </datafield>
   <datafield ind2=" " ind1=" " tag="520">
      <subfield code="a">It is well known that the 19th century has been,&#xd;
for Y. Bonnefoy, an essential pole: above all the&#xd;
poets Nerval, Baudelaire, Rimbaud and Mallarmé, to whom he has dedicated a lot of articles&#xd;
and books. The aim of this article is to analyse&#xd;
a work published by Bonnefoy in 2001 (that is&#xd;
to say when he was nearly eighty years old, at&#xd;
the end of a fulfilling life) which is a summary&#xd;
of his reflections on the poetry of the 19th century. There he proposes either a correction or a reaffirmation of what, for the poet of Tours, is&#xd;
the “essence” of the 19th century. Now we will&#xd;
try to analyse it.</subfield>
   </datafield>
   <datafield ind1="8" ind2=" " tag="024">
      <subfield code="a">http://hdl.handle.net/10459.1/23808</subfield>
   </datafield>
   <datafield tag="653" ind2=" " ind1=" ">
      <subfield code="a">Bonnefoy</subfield>
   </datafield>
   <datafield tag="653" ind2=" " ind1=" ">
      <subfield code="a">Poesía siglo XIX</subfield>
   </datafield>
   <datafield tag="653" ind2=" " ind1=" ">
      <subfield code="a">Bonnefoy, Yves</subfield>
   </datafield>
   <datafield ind2="0" ind1="0" tag="245">
      <subfield code="a">Yyes Bonnefoy et “Quelques remarques sur le XIXe siècle”</subfield>
   </datafield>
</record></metadata></record></GetRecord></OAI-PMH>